000 00294nam a22001337a 4500
008 210528b ||||| |||| 00| 0 eng d
041 _aeng
080 _a311
082 _a311
100 _a54
101 _aSTA
245 _aApplied Statistical Decision Theory
_cRaiffa,H
942 _2udc
_cBK
999 _c57784
_d57784